| 000 | 03155cam a2200529 i 4500 | ||
|---|---|---|---|
| 001 | 905450336 | ||
| 003 | OCoLC | ||
| 005 | 20250929094444.0 | ||
| 006 | m o d | ||
| 007 | cr ||||||||||| | ||
| 008 | 150320s2015 nju ob 001 0 eng | ||
| 020 | _a9781118765074 (ePub) | ||
| 020 | _a1118765079 (ePub) | ||
| 020 | _a9781118765081 (Adobe PDF) | ||
| 020 | _a1118765087 (Adobe PDF) | ||
| 020 | _z9781118765067 (cloth) | ||
| 020 | _a9781119149675 | ||
| 020 | _a1119149673 | ||
| 020 | _z1118765060 | ||
| 035 | _a(OCoLC)905450336 | ||
| 040 |
_aDLC _beng _erda _cDLC _dIDEBK _dEBLCP _dN$T _dE7B _dYDXCP _dCOO _dRECBK _dDG1 _dOCLCF _dDEBSZ _dOCLCQ |
||
| 041 | _aeng | ||
| 042 | _apcc | ||
| 050 | 0 | 0 | _aRA966 |
| 072 | 7 |
_aARC _x011000 _2bisacsh |
|
| 245 | 0 | 0 |
_aModern clinic design : _bstrategies for an era of change / _cedited by Christine Guzzo Vickery, Gary Nyberg and Douglas Whiteaker |
| 264 | 1 |
_aHoboken, New Jersey : _bWiley, _c2015 |
|
| 300 | _a1 online resource | ||
| 336 |
_atext _btxt _2rdacontent |
||
| 337 |
_acomputer _bc _2rdamedia |
||
| 338 |
_aonline resource _bcr _2rdacarrier |
||
| 504 | _aIncludes bibliographical references and index | ||
| 505 | 0 | _aUnderstanding the patient experience / Christine Guzzo Vickery -- Lean design and efficiency / Brent Peterson -- Visualization tools and mock-ups / Amy Douma and Jennifer Romer -- Designing for flexibility / Douglas Whiteaker -- Clinic planning concepts / Gary Nyberg -- The exam room today / Gary Nyberg -- Politics and healthcare / Douglas Whiteaker -- The retailing of healthcare : clinics in retail settings / Christine Guzzo Vickery -- The medical home model : a collaborative approach to managing health and wellness / Jennifer Klund -- Healthcare outside the clinic : designing for the outmigration of care / Jennifer Klund | |
| 506 | _aAvailable to OhioLINK libraries | ||
| 650 | 0 |
_aClinics _0http://id.loc.gov/authorities/subjects/sh85027070 _xDesign and construction. _0http://id.loc.gov/authorities/subjects/sh2002006372 |
|
| 650 | 0 |
_aMedical offices _0http://id.loc.gov/authorities/subjects/sh85082978 _xDesign and construction. _0http://id.loc.gov/authorities/subjects/sh2002006372 |
|
| 655 | 4 |
_aElectronic books _92032 |
|
| 700 | 1 |
_aVickery, Christine Guzzo, _0http://id.loc.gov/authorities/names/no2015033088 _eeditor |
|
| 700 | 1 |
_aNyberg, Gary, _0http://id.loc.gov/authorities/names/no2015033240 _eeditor |
|
| 700 | 1 |
_aWhiteaker, Douglas, _0http://id.loc.gov/authorities/names/no2015033351 _eeditor |
|
| 710 | 2 |
_aOhio Library and Information Network. _0http://id.loc.gov/authorities/names/no95058981 |
|
| 776 | 0 | 8 |
_iPrint version: _tModern clinic design _dHoboken, New Jersey : John Wiley & Sons Inc., 2015 _z9781118765067 _w(DLC) 2015005223 |
| 856 | 4 | 0 |
_3OhioLINK _zConnect to resource _uhttps://rave.ohiolink.edu/ebooks/ebc2/9781119149675 |
| 856 | 4 | 0 |
_3Wiley Online Library _zConnect to resource _uhttps://onlinelibrary.wiley.com/doi/book/10.1002/9781119149675 |
| 856 | 4 | 0 |
_3Wiley Online Library _zConnect to resource (off-campus) _uhttps://go.ohiolink.edu/goto?url=https://onlinelibrary.wiley.com/doi/book/10.1002/9781119149675 |
| 999 |
_c200463863 _d82075 |
||